Guinness world records, 2004 / (Record no. 136426)

MARC details
000 -LEADER
fixed length control field 00487nam a22001937a 4500
010 ## - LIBRARY OF CONGRESS CONTROL NUMBER
LC control number B-079677
020 ## - INTERNATIONAL STANDARD BOOK NUMBER
International Standard Book Number 0851121802
Terms of availability 00.00
035 ## - SYSTEM CONTROL NUMBER
System control number B-079677
037 ## - SOURCE OF ACQUISITION
Stock number Cen Lib/Ret
040 ## - CATALOGING SOURCE
Original cataloging agency DPL
Language of cataloging EN
082 ## - DEWEY DECIMAL CLASSIFICATION NUMBER
Item number GUI
245 ## - TITLE STATEMENT
Title Guinness world records, 2004 /
260 ## - PUBLICATION, DISTRIBUTION, ETC. (IMPRINT)
Place of publication, distribution, etc New York
Name of publisher, distributor, etc Guinness World Records Ltd.
Date of publication, distribution, etc 2003
270 ## - ADDRESS
City New York
300 ## - PHYSICAL DESCRIPTION
Extent 228p.(col)
Other physical details 30cm.
650 ## - SUBJECT ADDED ENTRY--TOPICAL TERM
Topical term or geographic name as entry element World records.
650 ## - SUBJECT ADDED ENTRY--TOPICAL TERM
Topical term or geographic name as entry element Curiosities and wonders.
942 ## - ADDED ENTRY ELEMENTS (KOHA)
Source of classification or shelving scheme Dewey Decimal Classification
Koha item type English Books
Call number suffix GUI
Holdings
Withdrawn status Lost status Damaged status Not for loan Collection code Home library Current library Date acquired Source of acquisition Cost, normal purchase price Total Checkouts Full call number Barcode Date last seen Copy number Cost, replacement price Price effective from Koha item type
      Not For Loan Reference Central Library Central Library 02/03/2016 Cen Lib/Ret 0.00   GUI B-079677 02/03/2016 1 0.00 02/03/2016 English Books

© Delhi Public Library
Hit Counter
free hit counter